[Event "TCh-ROU Superliga w"]
[Site "Baile Herculane ROU"]
[Date "2010.09.08"]
[Round "5"]
[White "Uta,Ad"]
[Black "Traistaru,T"]
[Result "1-0"]
[WhiteElo "2087"]
[BlackElo "2206"]

1.e4 c5 2.Nf3 d6 3.d4 cxd4 4.Nxd4 Nf6 5.Nc3 a6 6.Be3 e5 7.Nb3 Be6 8.f3 Be7
9.Qd2 O-O 10.O-O-O Nbd7 11.g4 b5 12.Kb1 b4 13.Nd5 Bxd5 14.exd5 Nb6 15.Na5 Nbxd5
16.Nc6 Qc8 17.Nxe7+ Nxe7 18.Bg5 d5 19.Bxf6 gxf6 20.Qxb4 Qe6 21.Bd3 d4 22.Qe1 Kg7
23.Qe4 Rh8 24.Rde1 Rab8 25.g5 Ng6 26.gxf6+ Kxf6 27.f4 Nxf4 28.Rhf1 Kg7 29.Rxf4 Rxb2+
30.Kxb2 Qb6+ 31.Ka1 exf4 32.Qe5+ f6 33.Qe7+ Kh6 34.Re6  1-0

[Event "TCh-CHN"]
[Site "Guangzhou CHN"]
[Date "2010.09.12"]
[Round "12"]
[White "Wan Yunguo"]
[Black "Liu Qingnan"]
[Result "1-0"]
[WhiteElo "2424"]
[BlackElo "2445"]

1.e4 c5 2.Nf3 d6 3.d4 cxd4 4.Nxd4 Nf6 5.Nc3 a6 6.Be3 e5 7.Nb3 Be7 8.Qd2 Be6
9.O-O-O Nbd7 10.f4 exf4 11.Bxf4 b5 12.Bxd6 b4 13.Nd5 Bxd6 14.Nxf6+ Nxf6 15.Qxd6 Qxd6
16.Rxd6 Nxe4 17.Rd4 f5 18.Rxb4 a5 19.Rb7 O-O 20.Nd4 Bd5 21.Rb5 Bxa2 22.b3 a4
23.Kb2 axb3 24.cxb3 Rfd8 25.Bc4+ Kh8 26.Bd5 Rac8 27.Nc6 Re8 28.Re1 Nd6 29.Rxe8+ Rxe8
30.Rb8 Rxb8 31.Nxb8 Bxb3 32.Kxb3 g5 33.Kc3 Kg7 34.Nd7 f4 35.Kd4 Nf5+ 36.Ke5 Ne3
37.Nf6 h6 38.Bf3 Kg6 39.h3 Kg7 40.Ke6 Nf1 41.Ne8+ Kg6 42.Be4+ Kh5 43.Ng7+ Kh4
44.Nf5+ Kh5 45.Kf6 Nh2 46.Bd5  1-0

[Event "EYCC Boys U14"]
[Site "Batumi GEO"]
[Date "2010.09.20"]
[Round "1"]
[White "Dangadze,G"]
[Black "Izzat,Kanan Azar"]
[Result "0-1"]
[WhiteElo "1794"]
[BlackElo "2139"]

1.e4 c5 2.Nf3 d6 3.d4 cxd4 4.Nxd4 Nf6 5.Nc3 a6 6.Be3 e5 7.Nb3 Be7 8.f3 Be6
9.Qd2 O-O 10.O-O-O a5 11.Kb1 a4 12.Nc1 Ra5 13.g4 Nbd7 14.h4 a3 15.b3 d5 16.g5 d4
17.gxf6 Bxf6 18.Bf2 dxc3 19.Qxc3 Qa8 20.Bh3 Rc8 21.Qd2 Bxh3 22.Rxh3 Nf8 23.Ne2 Rd8
24.Qe1 Rxd1+ 25.Qxd1 Qc8 26.Rh1 Ra6 27.Qd2 Be7 28.Bg3 Rd6 29.Qc3 Rc6 30.Qd2 Bf6
31.Bf2 b5 32.Ng3 Ng6 33.Nf5 h5 34.Be3 Nf4 35.Nd6 Rxd6 36.Qxd6 Qc3 37.Bc1 Qxf3
38.Qd1 Qxe4 39.Bxa3 Nd5 40.Bb2 Ne3 41.Qc1 Nxc2 42.Rh2 Ne1+ 43.Ka1 Nd3 44.Qh1 Qf4
45.Re2 g6 46.Kb1 Bg7  0-1

[Event "EYCC Boys U16"]
[Site "Batumi GEO"]
[Date "2010.09.21"]
[Round "2"]
[White "Druska,J"]
[Black "Lagarde,Max"]
[Result "1-0"]
[WhiteElo "2243"]
[BlackElo "2433"]

1.e4 c5 2.Nf3 d6 3.d4 cxd4 4.Nxd4 Nf6 5.Nc3 a6 6.Be3 e6 7.f3 b5 8.g4 Bb7
9.Qd2 Nfd7 10.a4 bxa4 11.Nxa4 Be7 12.g5 O-O 13.h4 Nc6 14.O-O-O Qc7 15.g6 Nxd4
16.gxh7+ Kxh7 17.Bxd4 Bc6 18.Nc3 e5 19.Be3 Qa5 20.Kb1 Rab8 21.Nd5 Rxb2+ 22.Kxb2 Rb8+
23.Nb6 Rxb6+ 24.Bxb6 Qxb6+ 25.Ka2 Qc5 26.Qd3 Nb6 27.c4 Qa5+ 28.Qa3 Na4 29.Bd3 d5
30.exd5+ Kg8 31.d6 Nc3+ 32.Kb2 Na4+ 33.Ka1 e4 34.dxe7 Qe5+ 35.Kb1 exd3 36.Rxd3 Be8
37.Rd8 Kh7 38.Rxe8 Qf5+ 39.Kc1 Qf4+ 40.Kc2 Qxc4+ 41.Kd2 Qf4+ 42.Qe3 Qb4+
43.Ke2 Qb2+ 44.Qd2 Qe5+ 45.Kf2 Nc5 46.Qe3 Qb2+ 47.Kg3  1-0

[Event "EYCC Boys U10"]
[Site "Batumi GEO"]
[Date "2010.09.22"]
[Round "3"]
[White "Gazik,Viktor"]
[Black "Zubcu,Vlad-George"]
[Result "1-0"]
[WhiteElo "1825"]
[BlackElo "1601"]

1.e4 c5 2.Nf3 d6 3.d4 cxd4 4.Nxd4 Nf6 5.Nc3 a6 6.Be3 e5 7.Nb3 Be6 8.f3 Be7
9.Qd2 Nbd7 10.g4 Nb6 11.g5 Nfd7 12.Na5 Qc7 13.h4 O-O-O 14.O-O-O Nc5 15.Bh3 Rhe8
16.Nd5 Nxd5 17.exd5 Bxh3 18.Rxh3 f5 19.Qb4 g6 20.f4 e4 21.Kb1 Qd7 22.Qc4 Kb8
23.Qb4 Rc8 24.Nc4 Rcd8 25.Nxd6 Bxd6 26.Bxc5 Be7 27.Qd4 Bd6 28.Bxd6+ Qxd6
29.Qe3  1-0

[Event "EYCC Boys U18"]
[Site "Batumi GEO"]
[Date "2010.09.22"]
[Round "3"]
[White "Ter Sahakyan,S"]
[Black "Raznikov,D"]
[Result "1/2-1/2"]
[WhiteElo "2516"]
[BlackElo "2354"]

1.e4 c5 2.Nf3 d6 3.d4 cxd4 4.Nxd4 Nf6 5.Nc3 a6 6.Be3 e5 7.Nb3 Be6 8.Qd2 Nbd7
9.f3 h5 10.O-O-O Rc8 11.Kb1 Be7 12.Bd3 Qc7 13.h3 h4 14.f4 b5 15.Rhe1 Bc4
16.fxe5 dxe5 17.Nd5 Bxd5 18.exd5 Nxd5 19.Bf5 N5f6 20.Bg5 Rd8 21.Qf2 Nb6 22.Rxd8+ Bxd8
23.Bxh4 O-O 24.Qc5 Nfd5 25.Bg3 Re8 26.Bd3 Bf6 27.Qxc7 Nxc7 28.Nc5 g6 29.c3 Bg7
30.Kc2 Re7 31.a4 f5 32.Bh4 Re8 33.Bg3 Re7 34.Bf1 Nbd5 35.c4 bxc4 36.Bxc4 Kh7
37.b3 a5 38.Nb7 Nb4+ 39.Kb1 Ncd5 40.Bxd5 Nxd5 41.Nxa5 f4 42.Bh4 Rd7 43.Nc4 e4
44.Kc2  1/2-1/2

[Event "EYCC Girls U16"]
[Site "Batumi GEO"]
[Date "2010.09.23"]
[Round "4"]
[White "Froewis,A"]
[Black "Shvayger,Y"]
[Result "0-1"]
[WhiteElo "1968"]
[BlackElo "2200"]

1.e4 c5 2.Nf3 d6 3.d4 cxd4 4.Nxd4 Nf6 5.Nc3 a6 6.Be3 e6 7.g4 h6 8.Be2 Nbd7
9.f4 b5 10.g5 hxg5 11.fxg5 Ng8 12.g6 Ne5 13.gxf7+ Kxf7 14.Rf1+ Nf6 15.Bf4 b4
16.Nb1 Kg8 17.Nd2 Be7 18.a3 Qb6 19.Nc4 Nxc4 20.Bxc4 d5 21.exd5 exd5 22.Bb3 Bb7
23.axb4 Bxb4+ 24.c3 Re8+ 25.Ne2 Bd6 26.Ra4 Bxf4 27.Raxf4 Rxh2 28.R4f2 Rxf2
29.Rxf2 a5 30.Rf4 Qg1+ 31.Rf1 Qg3+ 32.Kd2 Qe3+ 33.Ke1 Qe5 34.Qd3 Ne4 35.Qf3 Nf6
36.Qd3 Qe6 37.Rf2 Ne4 38.Rh2 Qe5 39.Qh3 Nf6 40.Rg2 Ba6 41.Qf3 Rb8 42.Bd1 Rxb2
43.Qf2 Bxe2  0-1

[Event "EYCC Girls U14"]
[Site "Batumi GEO"]
[Date "2010.09.23"]
[Round "5"]
[White "Boyarchenko,V"]
[Black "Choladze,M"]
[Result "0-1"]
[WhiteElo "1688"]
[BlackElo "1780"]

1.e4 c5 2.Nf3 d6 3.d4 cxd4 4.Nxd4 Nf6 5.Nc3 a6 6.Be3 e5 7.Nf3 Be7 8.Bc4 O-O
9.O-O Be6 10.Bb3 h6 11.Qe2 Qc7 12.Rad1 b5 13.Nd5 Bxd5 14.Bxd5 Nxd5 15.Rxd5 Nd7
16.Rdd1 Rac8 17.c3 Qb7 18.Qd3 Rfd8 19.Nd2 Nc5 20.Bxc5 dxc5 21.Qe2 c4 22.Nf3 Bf6
23.Rfe1 Qc6 24.Kf1 a5 25.a3 Qb7 26.Qc2 Qc6 27.Rxd8+ Rxd8 28.Ke2 Rd3 29.Nd2 Bg5
30.Rd1 Bxd2 31.Rxd2 Qxe4+ 32.Kf1 Qd5 33.Rxd3 Qxd3+ 34.Qxd3 cxd3 35.f3 f5
36.Kf2 Kf7 37.Ke3 e4 38.fxe4 fxe4 39.b4 axb4 40.cxb4 Ke6  0-1

[Event "EYCC Boys U10"]
[Site "Batumi GEO"]
[Date "2010.09.23"]
[Round "5"]
[White "Gazik,Viktor"]
[Black "Nikitenko,M"]
[Result "1-0"]
[WhiteElo "1825"]
[BlackElo "1843"]

1.e4 c5 2.Nf3 d6 3.d4 cxd4 4.Nxd4 Nf6 5.Nc3 a6 6.Be3 e5 7.Nb3 Be6 8.f3 Nbd7
9.g4 b5 10.g5 Nh5 11.Qd2 Be7 12.O-O-O Nb6 13.Na5 Qc7 14.Bxb6 Qxb6 15.Nd5 Bxd5
16.exd5 Nf4 17.h4 Rc8 18.Nb3 Qc7 19.Bh3 Nxh3 20.Rxh3 Qd7 21.Rhh1 Qf5 22.Qd3 Qf4+
23.Kb1 h5 24.Na5 g6 25.Nc6 Kd7 26.Rhe1 Qg3 27.f4 Qxd3 28.cxd3 f6 29.fxe5 fxe5
30.d4 exd4  1-0

[Event "EYCC Boys U14"]
[Site "Batumi GEO"]
[Date "2010.09.23"]
[Round "5"]
[White "Reshef,O"]
[Black "Dastan,B"]
[Result "0-1"]
[WhiteElo "1985"]
[BlackElo "2087"]

1.e4 c5 2.Nf3 d6 3.d4 cxd4 4.Nxd4 Nf6 5.Nc3 a6 6.Be3 Ng4 7.Bg5 h6 8.Bh4 g5
9.Bg3 Bg7 10.Be2 h5 11.h4 gxh4 12.Bxh4 Nc6 13.Nf3 Qa5 14.Qd2 Be6 15.O-O O-O-O
16.a3 Bxc3 17.bxc3 f6 18.Rfd1 d5 19.Nd4 dxe4 20.Qf4 Bd7 21.Qxe4 Qe5 22.Qxe5 Ncxe5
23.Rab1 Ng6 24.Bg3 h4 25.Bh2 Nxh2 26.Kxh2 Ne5 27.Rb6 h3 28.g3 Ng4+ 29.Bxg4 Bxg4
30.Re1 e5 31.Nb3 Kc7 32.Rb4 Bf3 33.Re3 Bg2 34.Rd3 Bf1 35.Rd2 b6 36.Rh4 Rxh4
37.Rxd8 Rc4 38.Rd1 Bg2 39.Rd3 Ra4 40.Rd2 Rxa3 41.c4 a5 42.c5 bxc5 43.Nxc5 Rc3
44.Na4 Rc4 45.Nb2 Rd4 46.Re2 Re4 47.Rd2 a4 48.c3 a3 49.Nd3 Rc4 50.Ra2 Rxc3  0-1

[Event "EYCC Girls U16"]
[Site "Batumi GEO"]
[Date "2010.09.24"]
[Round "6"]
[White "Turkova,K"]
[Black "Shvayger,Y"]
[Result "1/2-1/2"]
[WhiteElo "1917"]
[BlackElo "2200"]

1.e4 c5 2.Nf3 d6 3.d4 cxd4 4.Nxd4 Nf6 5.Nc3 a6 6.Be3 e6 7.Be2 b5 8.Bf3 e5
9.Nf5 g6 10.Nh6 Bb7 11.Ng4 Nbd7 12.a3 Rc8 13.Nxf6+ Nxf6 14.Qd3 Qc7 15.O-O Be7
16.Rad1 O-O 17.g3 Qc4 18.Bg5 Rfd8 19.Bg2 Qxd3 20.Rxd3 Kg7 21.Rfd1 h6 22.Be3 Rc4
23.b3 Rc6 24.Bh3 Bc8 25.Bg2 Bb7 26.Bh3 Bc8 27.Bg2 Bb7 28.Bh3  1/2-1/2

[Event "EYCC Girls U16"]
[Site "Batumi GEO"]
[Date "2010.09.24"]
[Round "6"]
[White "Revo,T"]
[Black "Danelia,M"]
[Result "0-1"]
[WhiteElo "1988"]
[BlackElo "2213"]

1.e4 c5 2.Nf3 d6 3.d4 cxd4 4.Nxd4 Nf6 5.Nc3 a6 6.Be3 Ng4 7.Bc1 Nf6 8.Be3 e6
9.f3 Nc6 10.Qd2 Be7 11.O-O-O O-O 12.g4 Nxd4 13.Bxd4 Nd7 14.h4 b5 15.g5 Bb7
16.Kb1 Qc7 17.a3 Ne5 18.Be2 Nc4 19.Bxc4 bxc4 20.h5 Rad8 21.g6 fxg6 22.hxg6 h6
23.Rdg1 Bf6 24.Be3 d5 25.Bxh6 dxe4 26.Qc1 exf3 27.Bf4 Qe7 28.Ka2 f2 29.Rg5 Bxg5
30.Bxg5 f1=Q 31.Bxe7 Qxh1  0-1

[Event "EYCC Boys U14"]
[Site "Batumi GEO"]
[Date "2010.09.26"]
[Round "7"]
[White "Haman,J"]
[Black "Eggink,M"]
[Result "0-1"]
[WhiteElo "2010"]
[BlackElo "1861"]

1.e4 c5 2.Nf3 d6 3.d4 cxd4 4.Nxd4 Nf6 5.Nc3 a6 6.Be3 e6 7.g4 d5 8.e5 Nfd7
9.f4 Nc6 10.Bg2 Nb6 11.O-O Nc4 12.Bf2 Nxb2 13.Qf3 Nc4 14.Rad1 Bb4 15.Nce2 O-O
16.c3 Be7 17.Qg3 Qc7 18.Rd3 Rb8 19.g5 Bd7 20.Qh4 N6xe5 21.fxe5 Qxe5 22.Bg3 Bxg5
23.Bxe5 Bxh4 24.Bxb8 Rxb8 25.Bh3 Ne5 26.Rdd1 Bg5 27.Kh1 Ba4 28.Rb1 Nc4 29.Rb4 Bd7
30.Rg1 h6 31.Rgb1 b6 32.Rd1 Be7 33.Rbb1 Ba4 34.Rd3 Bf6 35.Rg1 Kh7 36.Nc1 Nd6
37.Bg2 Rc8 38.Nce2 Rc4 39.Nb3 Be5 40.Ned4 Bd7 41.Bf3 Ra4 42.Rd2 Nc4 43.Rf2 Nd6
44.Bd1 Rc4 45.Bc2+ Kh8 46.Ne2 Nb5 47.Bd3 Ra4 48.Bxb5 Bxb5 49.Ned4 Bd3 50.Rd1 Be4+
51.Kg1 Rc4 52.Ne2 Ra4 53.Ned4 Kg8 54.Rb2 Bg6 55.Nc1 b5 56.Nce2 Rc4 57.Rb4 Rc7
58.Rb3  0-1

[Event "EYCC Boys U12"]
[Site "Batumi GEO"]
[Date "2010.09.27"]
[Round "8"]
[White "Mraz,O"]
[Black "Msellek,I"]
[Result "1-0"]
[WhiteElo "1788"]
[BlackElo "2066"]

1.e4 c5 2.Nf3 d6 3.d4 Nf6 4.Nc3 cxd4 5.Nxd4 a6 6.Be3 e6 7.Be2 b5 8.Bf3 Ng8
9.O-O Bb7 10.Qe2 Nd7 11.a4 b4 12.Na2 a5 13.c3 b3 14.Nc1 Nc5 15.Ncxb3 Nxe4
16.Bxe4 Bxe4 17.Qb5+ Qd7 18.Nxa5 e5 19.Nab3 Nf6 20.Rad1 Be7 21.f3 Bf5 22.Nc6 O-O
23.Nc5 Qe8 24.Qb7 Nd7 25.Nxd7 Bxd7 26.Nxe7+ Qxe7 27.b4 Rac8 28.Qd5 Rxc3 29.Qxd6 Qxd6
30.Rxd6 Bxa4 31.Bc5 Bb3 32.Ra6 Rd8 33.Rfa1 Bc4 34.Ra8 Rd3 35.Be7 Rd1+ 36.Kf2  1-0

[Event "Highlands Open"]
[Site "Zdar nad Sazavou CZE"]
[Date "2010.09.28"]
[Round "4"]
[White "Skorepa,Tomas"]
[Black "Bazala,V"]
[Result "1/2-1/2"]
[WhiteElo "1567"]
[BlackElo "1871"]

1.e4 c5 2.Nf3 d6 3.d4 cxd4 4.Nxd4 Nf6 5.Nc3 a6 6.Be3 e5 7.Nde2 Be6 8.Nd5 Bxd5
9.exd5 Be7 10.g3 Nbd7 11.Bg2 O-O 12.O-O Rc8 13.Qd3 Re8 14.c4 Qc7 15.b3 Nc5
16.Bxc5 Qxc5 17.Rac1 g6 18.Bh3 Rc7 19.Nc3 Bf8 20.Bg2 Bh6 21.Na4  1/2-1/2

[Event "39th Olympiad Men"]
[Site "Khanty-Mansiysk RUS"]
[Date "2010.09.30"]
[Round "9"]
[White "De la Riva Aguado,O"]
[Black "Mas,H"]
[Result "1-0"]
[WhiteElo "2521"]
[BlackElo "2422"]

1.e4 c5 2.Nf3 d6 3.d4 cxd4 4.Nxd4 Nf6 5.Nc3 a6 6.Be3 e5 7.Nf3 Be7 8.Bc4 O-O
9.O-O Qc7 10.Bb3 Be6 11.Qe2 Rc8 12.Bg5 Nbd7 13.Rfd1 b5 14.Ne1 Bc4 15.Bxc4 Qxc4
16.Qxc4 bxc4 17.Bxf6 Nxf6 18.Nd5 Nxd5 19.Rxd5 Rab8 20.b3 g6 21.g3 f5 22.exf5 gxf5
23.Ng2 cxb3 24.axb3 Kf7 25.Ne3 Ke6 26.Rda5 Rc3 27.Rxa6 Rd8 28.Rd1 h5 29.Kf1 h4
30.Ke2 Bg5 31.Rd3 Rxd3 32.Kxd3 e4+ 33.Ke2 f4 34.gxf4 Bxf4 35.h3 Be5 36.Ra7 Rc8
37.Rh7 Bf4 38.Rxh4 Bxe3 39.Kxe3 Rxc2 40.Rxe4+  1-0

[Event "Tatry Open"]
[Site "Tatranske Zruby CZE"]
[Date "2010.10.04"]
[Round "3"]
[White "Slovak,Pa"]
[Black "Hanzluvka,P"]
[Result "0-1"]
[WhiteElo "2060"]
[BlackElo "1961"]

1.e4 c5 2.Nf3 d6 3.d4 cxd4 4.Nxd4 Nf6 5.Nc3 a6 6.Be3 e6 7.Be2 Be7 8.O-O O-O
9.f4 Qc7 10.g4 Nc6 11.g5 Nd7 12.f5 Nxd4 13.Qxd4 Qd8 14.Qd2 b5 15.fxe6 fxe6
16.Nd5 Bb7 17.Nxe7+ Qxe7 18.Rad1 d5 19.a4 Nc5 20.Qb4 Rac8 21.axb5 axb5 22.Bxb5 Rxf1+
23.Rxf1 Qd6 24.Rd1 Qc7 25.exd5 exd5 26.c4 Qe7 27.Re1 d4 28.Bf4 Qf8 29.Qd2 Ne4
30.Rxe4 Bxe4 31.b4 Qf5 32.c5 Qg4+ 33.Bg3 Rf8 34.Qe2 Qf5 35.Bc4+ Bd5 36.c6 Qxg5
37.Bxd5+ Qxd5 38.c7 d3 39.Qd1 d2 40.Bf2 Qd3 41.b5 Qc3 42.Kf1 Qc4+ 43.Kg2 Qc1
44.Qb3+ Kh8 45.Qb4 Rc8 46.Be3 d1=Q 47.Bxc1 Qxc1 48.b6 Qc2+ 49.Kg3 Qd3+ 50.Kg2 Re8
51.Qe7 Qc2+  0-1

[Event "Tatry Open"]
[Site "Tatranske Zruby CZE"]
[Date "2010.10.05"]
[Round "5"]
[White "Navratil,Ji3"]
[Black "Zambor,N"]
[Result "1/2-1/2"]
[WhiteElo "1976"]
[BlackElo "2281"]

1.e4 c5 2.Nf3 d6 3.d4 cxd4 4.Nxd4 Nf6 5.Nc3 a6 6.Be3 e6 7.f3 b5 8.Qd2 Bb7
9.O-O-O Nbd7 10.g4 Nb6 11.h4 b4 12.Nb1 d5 13.e5 Nfd7 14.Qf2 Rc8 15.Nd2 Na4
16.f4 Ndc5 17.f5 Nxb2 18.Kxb2 Na4+ 19.Kc1 Nc3 20.fxe6 fxe6 21.N2b3 Nxd1 22.Kxd1 Qd7
23.g5 Bc5 24.Nxc5 Rxc5 25.Nxe6 d4 26.Nxc5 dxe3+ 27.Nxd7 exf2 28.Rh2 Kxd7
29.Rxf2 Bd5  1/2-1/2

[Event "Karen Asrian Memorial"]
[Site "Jermuk ARM"]
[Date "2010.10.07"]
[Round "3"]
[White "Matinian,N"]
[Black "Andriasian,Z"]
[Result "1/2-1/2"]
[WhiteElo "2354"]
[BlackElo "2579"]

1.e4 c5 2.Nf3 d6 3.d4 cxd4 4.Nxd4 Nf6 5.Nc3 a6 6.Be3 Ng4 7.Bc1 Nf6 8.Be3 e5
9.Nf3 Be7 10.Bc4 O-O 11.O-O Nc6 12.Bg5 Be6 13.Bb3 Nd7 14.Bxe7 Qxe7 15.Nd5 Qd8
16.Qe2 Nc5 17.Rad1 h6 18.h3 Rc8 19.Rd2 Ne7 20.Rfd1 Nxb3 21.Nxe7+ Qxe7 22.axb3 Rc6
23.Nh2 b5 24.Nf1 Rfc8  1/2-1/2

[Event "Karen Asrian Memorial"]
[Site "Jermuk ARM"]
[Date "2010.10.08"]
[Round "4"]
[White "Petrosian,DG"]
[Black "Khojayan,V"]
[Result "1-0"]
[WhiteElo "2487"]
[BlackElo "2219"]

1.e4 c5 2.Nf3 d6 3.d4 cxd4 4.Nxd4 Nf6 5.Nc3 a6 6.Be3 e5 7.Nf3 Be7 8.Bc4 O-O
9.O-O Nc6 10.Bg5 Be6 11.Bb3 Na5 12.Bxf6 Bxf6 13.Nd5 Nxb3 14.axb3 Bg5 15.Qd3 Rc8
16.c3 Bh6 17.Nd2 Bxd2 18.Qxd2 f5 19.exf5 Rxf5 20.Rad1 Qf8 21.c4 Bf7 22.Qb4 b5
23.Ne3 Rf4 24.Qxd6 Qxd6 25.Rxd6 bxc4 26.Rc1 Rd4 27.Rxa6 Rcd8 28.bxc4 Bxc4
29.Ra7 Be6 30.h3 R8d7 31.Ra5 e4 32.Re5 Kf7 33.Rc6 Ba2 34.Rf5+ Ke8 35.Rc8+ Rd8
36.Rxd8+ Kxd8 37.Ra5 Be6 38.Ra7 Bd7 39.g4 Rb4 40.Ra2 Be6 41.Ra7 Bd7 42.Ra8+ Bc8
43.Nf5 Kc7 44.Nxg7 Rb3 45.Ne8+ Kb7 46.Ra3 Rxb2 47.Nd6+ Kc7 48.Nxc8 Kxc8 49.Ra7 Rb1+
50.Kg2 h6 51.Re7 Re1 52.Rh7  1-0

[Event "TCh-HUN 2010-11"]
[Site "Budapest HUN"]
[Date "2010.10.10"]
[Round "1"]
[White "Mihok,O"]
[Black "Ilincic,Z"]
[Result "0-1"]
[WhiteElo "2463"]
[BlackElo "2447"]

1.e4 c5 2.Nf3 d6 3.d4 cxd4 4.Nxd4 Nf6 5.Nc3 a6 6.Be3 h5 7.Be2 e6 8.a4 Ng4
9.Bc1 Nc6 10.h3 Nxd4 11.Qxd4 Qf6 12.Qxf6 Nxf6 13.Bf4 Bd7 14.O-O-O Bc6 15.f3 d5
16.e5 Nd7 17.Bd3 h4 18.Bh2 Bc5 19.f4 Be3+ 20.Kb1 Nc5 21.Rhe1 d4 22.b4 Nxa4
23.Nxa4 Bxa4 24.Be4 Rc8 25.Bg1 Bxg1 26.Rxg1 Rc4 27.Kb2 Ke7 28.Rd2 Rxb4+ 29.Ka3 a5
30.Bxb7 Rb8 31.Be4 Be8  0-1

[Event "TCh-ISL Div 1 2010-11"]
[Site "Reykjavik ISL"]
[Date "2010.10.10"]
[Round "4.4"]
[White "Olafsson,Thorv"]
[Black "Miroshnichenko,E"]
[Result "0-1"]
[WhiteElo "2205"]
[BlackElo "2677"]

1.e4 c5 2.Nf3 d6 3.d4 cxd4 4.Nxd4 Nf6 5.Nc3 a6 6.Be3 e5 7.Nb3 Be6 8.f3 h5
9.Nd5 Bxd5 10.exd5 Nbd7 11.Be2 g6 12.O-O Bh6 13.Bxh6 Rxh6 14.c4 a5 15.Qd2 Rh8
16.Qe3 a4 17.Nd2 Kf8 18.Ne4 Qe7 19.b4 axb3 20.axb3 Kg7 21.Qg5 Nc5 22.Ng3 Kh7
23.b4 Rxa1 24.Rxa1 Nb3 25.Ra7 Nd4 26.Bd3 Kg7 27.Ne4 Rb8 28.c5 dxc5 29.d6 Qe6
30.Nxf6 Qxf6 31.Qxf6+ Kxf6 32.bxc5 Ne6 33.Ra5 Rc8 34.Rb5 Rxc5 35.Rxb7 Rd5
36.Bc4 Rxd6 37.Bxe6 Kxe6 38.Rb2 g5 39.Kf2 Kf5 40.Ra2 Rb6 41.Rc2 Rb3 42.Ra2 g4
43.Rc2 f6 44.Ra2 h4 45.fxg4+ Kxg4 46.Ra4+ Kg5 47.Ra8 h3 48.Rg8+ Kf4 49.gxh3 Rxh3
50.Kg2 Rh5 51.Ra8 e4 52.Ra4 Rg5+ 53.Kf2 Rb5 54.Ra2 Rh5 55.Kg2 Rg5+ 56.Kf1 f5
57.Rf2+ Ke5 58.h4 Rh5 59.Rh2 Kf4 60.Kf2 e3+ 61.Ke2 Ke4 62.Rh1 f4 63.Rh3 Ra5  0-1

[Event "Karen Asrian Memorial"]
[Site "Jermuk ARM"]
[Date "2010.10.12"]
[Round "8"]
[White "Gharagyozian,A"]
[Black "Gabuzyan,H"]
[Result "0-1"]
[WhiteElo "2207"]
[BlackElo "2261"]

1.e4 c5 2.Nf3 d6 3.d4 cxd4 4.Nxd4 Nf6 5.Nc3 a6 6.Be3 e5 7.Nf3 Qc7 8.h3 Nbd7
9.g4 h6 10.g5 hxg5 11.Nxg5 Be7 12.Qd2 b5 13.f4 Bb7 14.Nd5 Nxd5 15.exd5 Rc8
16.c3 Bxg5 17.fxg5 Nb6 18.g6 f6 19.Bxb6 Qxb6 20.h4 Rc5 21.Bg2 b4 22.cxb4 Rc4
23.h5 Rd4 24.Qc3 Rg4 25.Bf3 Rg3 26.O-O-O Ke7 27.Kb1 Bc8 28.Rc1 Bf5+ 29.Ka1 Rc8
30.Qd2 Rxf3 31.h6 Rf2 32.Qxf2 Rxc1+ 33.Rxc1 Qxf2 34.hxg7 Qd2 35.Rc7+ Bd7  0-1

[Event "Karen Asrian Memorial"]
[Site "Jermuk ARM"]
[Date "2010.10.12"]
[Round "8"]
[White "Andriasian,Z"]
[Black "Kotanjian,T"]
[Result "1/2-1/2"]
[WhiteElo "2579"]
[BlackElo "2522"]

1.e4 c5 2.Nf3 d6 3.d4 cxd4 4.Nxd4 Nf6 5.Nc3 a6 6.Be3 e6 7.f3 b5 8.g4 h6 9.Qd2 Nbd7
10.O-O-O b4 11.Na4 Ne5 12.Qxb4 Bd7 13.Nb3 Rb8 14.Qa3 Nxf3 15.Be2 Ne5 16.Nc3 Nexg4
17.Ba7 Ra8 18.Qxa6 Nf2 19.e5 Nxd1 20.Rxd1 dxe5 21.Bb5  1/2-1/2

[Event "TCh-CHN"]
[Site "Guangzhou CHN"]
[Date "2010.10.13"]
[Round "13"]
[White "Zhang Pengxiang"]
[Black "Zhou Jianchao"]
[Result "1/2-1/2"]
[WhiteElo "2605"]
[BlackElo "2650"]

1.e4 c5 2.Nf3 d6 3.d4 cxd4 4.Nxd4 Nf6 5.Nc3 a6 6.Be3 e5 7.Nf3 Qc7 8.Nd5 Nxd5
9.Qxd5 Be6 10.Qd2 Nd7 11.Ng5 Bc4 12.Qc3 Rc8 13.Bxc4 Qxc4 14.Qxc4 Rxc4 15.O-O-O Be7
16.f3 g6 17.Nh3 f5 18.Nf2 Kf7 19.b3 Rc7 20.Kb2 Rhc8 21.Rc1 b5 22.Rhd1 Ke6
23.Bd2 Nf6 24.Re1 d5 25.exd5+ Nxd5 26.Nd3 Bd6 27.Nf4+ Nxf4 28.Bxf4 Rc5 29.Bd2 Rd5
30.Re2 Bc5 31.c3 Rxd2+ 32.Rxd2 Be3 33.Kc2 e4 34.fxe4 fxe4 35.Rf1 Bxd2 36.Kxd2 Rd8+  1/2-1/2

[Event "Karen Asrian Memorial"]
[Site "Jermuk ARM"]
[Date "2010.10.13"]
[Round "9"]
[White "Petrosian,DG"]
[Black "Bakunc,R"]
[Result "1-0"]
[WhiteElo "2487"]
[BlackElo "2086"]

1.e4 c5 2.Nc3 d6 3.Nf3 Nf6 4.d4 cxd4 5.Nxd4 a6 6.Be3 e5 7.Nf3 Be7 8.Bc4 O-O
9.O-O Qc7 10.Bb3 Nbd7 11.Bg5 h6 12.Bh4 Nb6 13.a4 Be6 14.Bxf6 Bxf6 15.Nd2 Be7
16.a5 Nd7 17.Nd5 Bxd5 18.Bxd5 Rab8 19.Qe2 Rfc8 20.c3 Bf8 21.Rfd1 Qc5 22.Qh5 Nf6
23.Qxf7+ Kh8 24.Be6 Rc7 25.Qg6 Be7 26.Nc4 Qc6 27.Ne3 Bf8 28.Bf5 Qe8 29.Qxe8 Rxe8
30.h4 Rd8 31.g4 g5 32.Kg2 Kg7 33.Kf3 gxh4 34.Be6 Nh7 35.Nf5+ Kf6 36.Bd5 Ng5+
37.Ke2 Nh3 38.Nxh4 Kg5 39.Nf3+ Kf4 40.Rh1 Ng5 41.Rh5 Be7 42.Rg1  1-0

[Event "TCh-CHN"]
[Site "Guangzhou CHN"]
[Date "2010.10.15"]
[Round "15"]
[White "Wan Yunguo"]
[Black "Gao Rui"]
[Result "0-1"]
[WhiteElo "2424"]
[BlackElo "2464"]

1.e4 c5 2.Nf3 d6 3.d4 cxd4 4.Nxd4 Nf6 5.Nc3 a6 6.Be3 e5 7.Nb3 Be7 8.Qd2 O-O
9.O-O-O a5 10.a4 Be6 11.f4 Qc8 12.Kb1 Nc6 13.f5 Nxe4 14.Nxe4 Bxf5 15.Ng3 Bg6
16.Bd3 f5 17.h4 f4 18.Bxg6 hxg6 19.h5 Qe6 20.hxg6 fxe3 21.Qe2 Qxg6 22.Qc4+ Rf7
23.Rh3 Bg5 24.Ne4 Bh6 25.Rg3 d5 26.Rxd5 Qe6 27.Nc3 Raf8 28.Qb5 Rf1+ 29.Rd1 Rxd1+
30.Nxd1 Nd4 31.Nxd4 exd4 32.Qe2 Qa6 33.c4 Qd6 34.Qe1 e2  0-1

[Event "Uxbridge Premier"]
[Site "Denham ENG"]
[Date "2010.10.26"]
[Round "4"]
[White "Ociepka,A"]
[Black "Mcintyre,P"]
[Result "1/2-1/2"]
[WhiteElo "2157"]
[BlackElo "2119"]

1.e4 c5 2.Nf3 d6 3.d4 cxd4 4.Nxd4 Nf6 5.Nc3 a6 6.Be3 e5 7.Nb3 Be6 8.Qd2 Be7
9.f3 h5 10.O-O-O Nbd7 11.Kb1 b5 12.Nd5 Bxd5 13.exd5 Nb6 14.Bxb6 Qxb6 15.Bd3 a5
16.Rhe1 a4 17.Nc1 a3 18.Qb4 O-O 19.Bxb5 Rfc8 20.c4 axb2 21.Nd3 Qa7 22.Qb3 Nd7
23.Re2 Bf6 24.a4 Nb6 25.Nxb2 e4 26.Rxe4 Bxb2 27.Kxb2 Rcb8 28.Kc3 Nxa4+ 29.Qxa4 Qxa4
30.Bxa4 Rxa4 31.Rde1 Ra3+ 32.Kd4 Rb2 33.Re8+ Kh7 34.R1e2 Rb1 35.Rd8 Rd1+
36.Ke4 Rc3 37.Rxd6 Rxc4+ 38.Ke5 Rcd4 39.Rd8 Kg6 40.g3 R4d3 41.f4 Rf3 42.Rc2 Re3+
43.Kd6 Rxd5+ 44.Kxd5  1/2-1/2

[Event "Uxbridge Premier"]
[Site "Denham ENG"]
[Date "2010.10.28"]
[Round "9"]
[White "Ociepka,A"]
[Black "Veit,D"]
[Result "1-0"]
[WhiteElo "2157"]
[BlackElo "2123"]

1.e4 c5 2.Nf3 d6 3.d4 cxd4 4.Nxd4 Nf6 5.Nc3 a6 6.Be3 Ng4 7.Bg5 h6 8.Bh4 g5
9.Bg3 Bg7 10.h3 Ne5 11.Be2 Nbc6 12.Nf5 Bxf5 13.exf5 Nd4 14.Bg4 Qa5 15.O-O Nc4
16.Rb1 Nxf5 17.b4 Qc7 18.Nd5 Qc8 19.Bxf5 Qxf5 20.Nc7+ Kd7 21.Nxa8 Rxa8 22.Re1 b5
23.Rb3 Rc8 24.Rf3  1-0

[Event "Chigorin Mem Classic Open"]
[Site "St Petersburg RUS"]
[Date "2010.10.29"]
[Round "2"]
[White "Kargin,A"]
[Black "Amonatov,F"]
[Result "0-1"]
[WhiteElo "2405"]
[BlackElo "2602"]

1.e4 c5 2.Nf3 d6 3.d4 cxd4 4.Nxd4 Nf6 5.Nc3 a6 6.Be3 e5 7.Nf3 Qc7 8.a4 Be7
9.a5 O-O 10.Be2 Nbd7 11.O-O Nc5 12.Nd2 Be6 13.Bg5 Ncd7 14.Re1 Rac8 15.Bf3 h6
16.Bh4 Qc5 17.Nb3 Qc7 18.Re3 Rfd8 19.Rd3 b5 20.axb6 Qxb6 21.Be2 Ra8 22.Na5 Rdc8
23.Bxf6 Nxf6 24.Nd5 Bxd5 25.exd5 Ne4 26.Rf3 Qxb2 27.Nc6 Rxc6 28.dxc6 Nc3
29.Rxc3 Qxc3 30.Bf3 a5 31.Bd5 a4 32.c7 Ra7 33.g3 Qxc7 34.c4 a3 35.Qf3 Bd8
36.Rxa3 Rxa3 37.Qxa3 g6 38.Qa4 Kg7 39.Qe8 Bg5 40.Qc6 Qd8 41.Qa8 Qf6 42.h4 Bd2
43.Kg2 Bb4 44.Qb7 Bc5 45.Qb2 h5 46.f4 Bd4 47.fxe5 dxe5 48.Qc2 Bc5 49.Qb2 Qf5
50.Qe2 Bd4 51.Be4 Qd7 52.Qa2 Bc5 53.Bd5 Qg4 54.Qb2 Qf5 55.Qe2 Qf6 56.Qb2 Bd4
57.Qc2 Qb6 58.Qa2 Bc5 59.Qe2 Qb8 60.Qa2 Qb4 61.Qe2 Qc3 62.Qa2 Qe3 63.Qa6 Qe2+
64.Kh3 Bg1  0-1

[Event "WY Girls-U10"]
[Site "Porto Carras GRE"]
[Date "2010.10.30"]
[Round "11.3"]
[White "Kazarian,Anna Maja"]
[Black "Tsolakidou,Stavroula"]
[Result "1/2-1/2"]
[WhiteElo "1658"]
[BlackElo "1783"]

1.e4 c5 2.Nf3 d6 3.d4 cxd4 4.Nxd4 Nf6 5.Nc3 a6 6.Be3 e5 7.Nb3 Be7 8.a4 Be6
9.Be2 O-O 10.a5 Nbd7 11.O-O Qc7 12.Kh1 Rfd8 13.Nd5 Nxd5 14.exd5 Bf5 15.c4 Bf6
16.Qd2 Re8 17.Rfc1 Nc5 18.Nxc5 dxc5 19.d6 Qc6 20.Qd5 Rac8 21.Rd1 Red8 22.Rd2 Be4
23.Qxc6 Rxc6 24.Rad1 Kf8 25.f3 Bg6 26.Rd5 Bc2 27.R1d2 Bf5 28.Rxc5 Rcxd6 29.Rxd6 Rxd6
30.Rc7 Rd7 31.Bc5+ Ke8 32.Rxd7 Kxd7 33.b4 Bd8 34.Kg1 g6 35.Kf2 h5 36.g3 Be6
37.Bd3 f5 38.Ke3 Bg5+ 39.f4 exf4+ 40.gxf4 Bd8 41.Be2 Bf7 42.Kd3 Bc7 43.Bf3 Kc8
44.Be3 g5 45.fxg5 Bxh2 46.b5 Bg3 47.bxa6 bxa6 48.c5 h4 49.Bg2 f4 50.Bh3+ Kc7
51.Bg1 Kc6 52.Bg2+ Kc7 53.Bh3 Kc6 54.Bg2+ Kc7 55.Bh3 Kc6  1/2-1/2